000 00338nam a2200145Ia 4500
003 OSt
005 20240513145924.0
008 170524s9999 xx 000 0 und d
020 _a978-8126515288
040 _ciimtu
100 _aCollin- Robert E.
245 0 _aFoundations for Microwave Engineering
260 _bWiley
942 _2ddc
_c02
999 _c5878
_d5878